[Event "RUS-chT Blitz Men 2018"]
[Site "Sochi"]
[Date "2018.10.10"]
[Round "9"]
[White "Kobalia, Mikhail"]
[Black "Inozemtsev, Sergei"]
[Result "1/2-1/2"]
[WhiteElo "2620"]
[BlackElo "2310"]
[Annotator "TA"]
[PlyCount "96"]
[EventDate "2018.10.10"]
[EventType "swiss"]
[EventCountry "RUS"]
[SourceTitle "playchess.com"]
[Source "ChessBase"]
[SourceQuality "1"]

{[%evp 13,96,24,28,23,22,4,14,7,10,3,12,14,25,19,19,17,13,0,0,-23,-17,-36,-27,-55,-52,-63,-49,-136,-104,-106,-107,-161,-110,-103,-102,-96,-92,-155,-134,-154,-102,-156,-151,-154,-133,-170,-132,-142,-127,-184,-128,-124,-63,-142,-148,-220,-179,-169,-158,-200,-208,-179,-102,-201,-115,-244,-225,-240,-249,-318,-314,-308,-301,-271,-270,-372,-367,-365,-160,-155,0,-320,0,-128,0]} 1. e4 e6 2. d4 d5 3. Nc3 Bb4 4. e5 b6 5. Qg4 Bf8 6. Nf3 Qd7 7. Bd3 {C16: Französische Verteidigung (Nimzowitsch-Variante)} (7. Bb5 c6 8. Be2 Ba6 9. Bg5 h6 10. Bd2 Ne7 11. O-O Nf5 12. Bxa6 Nxa6 13. Ne2 c5 14. c3 Rc8 15. Rac1 {1-0 (58) Sychev,K (2529)-Demidov,M (2511) Moscow 2018}) 7... Ba6 {LiveBook: 9 Partien} 8. Bxa6 Nxa6 9. O-O {Die Stellung ist ausgeglichen.} Nb4 10. Ne1 c5 11. Ne2 Nc6 12. c3 cxd4 13. cxd4 Nge7 14. Ng3 h5 $146 ({Vorgänger:} 14... Nf5 15. Nxf5 exf5 {½-½ (40) Matt,F (2053)-Bachofner,A (2245) Vienna 2010}) 15. Nxh5 Nxd4 $1 16. Nxg7+ Bxg7 17. Qxd4 Nc6 18. Qg4 Bxe5 19. Nf3 Bd6 $36 {[%mdl 2048] Schwarz hat gut koordiniertes Spiel.} 20. Bg5 (20. Bf4 $15) 20... e5 21. Qxd7+ Kxd7 22. g3 (22. Rad1 $17) 22... Ke6 (22... e4 $19 23. Nd2 Rhg8) 23. Rfe1 $17 f6 24. Be3 Kf7 25. Nd2 (25. Rad1 $142) 25... Rac8 26. a3 Be7 (26... d4 $142 27. Nc4 Bc7) 27. Nf3 (27. f4 $142) 27... Na5 28. Rad1 d4 29. Bd2 Nc4 30. Bc1 Rhd8 31. Nh4 (31. h4 $17 {kämpft weiter.}) 31... Bf8 (31... d3 $19 32. Nf3 Na5) 32. Rd3 Rc7 (32... Re8 $17 33. Nf5 Nd6 34. Nxd6+ Bxd6) 33. Nf5 ({Lieber} 33. f4 $15) 33... Rdc8 34. Kg2 (34. b4 $17) 34... Nd6 35. Nxd6+ Bxd6 36. Bd2 Rc2 37. b4 Ra2 ({Günstiger ist} 37... f5 $19 38. Bg5 R8c3 39. Rxc3 Rxc3) 38. Rd1 (38. g4 $17) 38... Rcc2 (38... Rc4 $19 {Und ...e4 würde nun gewinnen.} 39. Be1 Bf8) 39. Be1 (39. g4 $17) 39... Ke6 40. h4 Bf8 41. h5 Bh6 42. Kh3 Re2 43. Kg2 b5 44. Kh3 a6 45. Kg2 Kd5 (45... f5 $19 {Weiss muss nun ...Le3 beachten.} 46. Kg1 Rac2) 46. Rf3 Ke6 $2 {[#]} (46... Bg5 $17 47. h6 Bxh6 48. Rxf6 Bg5 49. Rxa6 Rec2) 47. Rfd3 $19 Kd5 (47... f5 $19 {und Schwarz behält klar die Oberhand.} 48. Kf1 Kd5) 48. Rf3 $1 $17 {[%cal Rf3f6]} Ke6 {Precision: Weiß = 38%, Schwarz = 52%.} ({Besser ist} 48... Bg5 $17 49. h6 Bxh6 50. Rxf6 Bg5 51. Rxa6 Ke4) 1/2-1/2

[Event "RUS-chT Blitz Men 2018"]
[Site "Sochi"]
[Date "2018.10.10"]
[Round "9"]
[White "Chigaev, Maksim"]
[Black "Chos, Alexey"]
[Result "1-0"]
[WhiteElo "2599"]
[BlackElo "2296"]
[Annotator "TA"]
[PlyCount "77"]
[EventDate "2018.10.10"]
[EventType "swiss"]
[EventCountry "RUS"]
[SourceTitle "playchess.com"]
[Source "ChessBase"]
[SourceQuality "1"]

{[%evp 9,77,21,27,0,0,0,0,0,0,-32,-12,-8,0,0,49,48,69,76,87,39,58,36,39,52,33,53,301,310,433,429,398,408,481,222,222,222,339,332,339,338,333,326,396,387,583,570,640,650,630,621,586,629,701,706,706,698,701,724,827,806,692,609,975,967,1066,1097,1092,994,927,1018]} 1. e4 c5 2. Nf3 Nc6 3. Bb5 e6 4. Bxc6 bxc6 5. d3 d5 {LiveBook: 58 Games} 6. e5 {B30: Sicilian: 2...Nc6 3 Bb5, lines without ...g6} (6. Qe2 Ne7 7. O-O Ng6 8. c4 Bd6 9. e5 Bc7 10. Nc3 O-O 11. Bg5 f6 12. exf6 gxf6 13. Bh6 Re8 14. Na4 {0-1 (42) Shyam,S (2484)-Kuzubov,Y (2701) Al Ain 2014}) 6... Ne7 7. c4 Ng6 8. O-O {The position is equal.} Be7 9. Nc3 O-O 10. Na4 Qc7 11. Re1 Rd8 $146 ({Predecessor:} 11... Rb8 12. b3 f6 13. Bb2 fxe5 14. Nxe5 {0-1 (53) Asatryan,S (1905)-Gasparian,N (2100) Yerevan 2016}) 12. Qe2 Rb8 13. b3 f6 14. Ba3 fxe5 15. Bxc5 Bf6 16. Rad1 Nf4 17. Qe3 Ng6 $2 (17... Nxd3 $1 $14 18. Rxd3 (18. Qxd3 e4 $16) 18... e4) 18. Bxa7 $18 d4 19. Bxb8 Qxb8 20. Qe4 c5 21. Qg4 (21. Nxc5 $142 Qb6 22. b4) 21... Qd6 22. Nd2 {[#] aiming for Ne4.} Bb7 (22... Qc7 $142 23. g3 Be7) 23. Ne4 Bxe4 24. Qxe4 Rf8 25. g3 Ne7 26. a3 {[%cal Ba2a3,Ba3b4][%mdl 32]} Nf5 (26... Rc8 {was worth a try.} 27. Rb1 Qa6) 27. Rb1 {White is clearly winning.} Nh6 28. b4 cxb4 29. axb4 Nf7 30. h4 Qe7 31. Nc5 Nd6 32. Qg4 Nf5 33. Ne4 Bxh4 34. gxh4 Nxh4 35. Kh1 Rf4 36. Qg5 Qe8 37. Rg1 {[%csl Gg1][%cal Rg5g7] [#]} Ng6 38. Rg2 Qf8 39. b5 {Precision: White = 72%, Black = 31%.} 1-0

[Event "RUS-chT Blitz Men 2018"]
[Site "Sochi"]
[Date "2018.10.10"]
[Round "9"]
[White "Kryakvin, Dmitry"]
[Black "Iljiushenok, Ilia"]
[Result "1/2-1/2"]
[WhiteElo "2595"]
[BlackElo "2539"]
[Annotator "ChessBase"]
[PlyCount "45"]
[EventDate "2018.10.10"]
[EventType "swiss"]
[EventCountry "RUS"]
[SourceTitle "playchess.com"]
[Source "ChessBase"]
[SourceQuality "1"]
[TimeControl "180+2"]

1. d4 d6 2. Nf3 {[%emt 0:00:03]} Nf6 3. c4 g6 {[%emt 0:00:01]} 4. Nc3 {[%emt 0:00:01]} Bg7 {[%emt 0:00:01]} 5. e4 {[%emt 0:00:01]} O-O {[%emt 0:00:01]} 6. Be2 {[%emt 0:00:00]} e5 {[%emt 0:00:01]} 7. O-O {[%emt 0:00:01]} Nc6 {[%emt 0:00:01]} 8. dxe5 {[%emt 0:00:01]} dxe5 {[%emt 0:00:07]} 9. Bg5 {[%emt 0:00:01]} Qxd1 {[%emt 0:00:22]} 10. Rfxd1 {[%emt 0:00:01]} h6 {[%emt 0:00:03]} 11. Be3 {[%emt 0:00:12]} Bg4 {[%emt 0:00:08]} 12. h3 {[%emt 0:00:10]} Bxf3 {[%emt 0:00:02]} 13. Bxf3 {[%emt 0:00:01]} Rfd8 {[%emt 0:00:24]} 14. Nd5 {[%emt 0:00:06]} Ne8 {[%emt 0:00:15]} 15. h4 {[%emt 0:00:48]} Nd4 {[%emt 0:00:09]} 16. Bxd4 {[%emt 0:00:17]} exd4 {[%emt 0:00:01]} 17. Nf4 {[%emt 0:00:01]} h5 {[%emt 0:00:20]} 18. Nd3 {[%emt 0:00:05]} c6 {[%emt 0:00:03]} 19. g3 {[%emt 0:00:06]} Nc7 {[%emt 0:00:01]} 20. Bg2 {[%emt 0:00:06]} Ne6 {[%emt 0:00:10]} 21. e5 {[%emt 0:00:04]} Bf8 {[%emt 0:00:06]} 22. f4 {[%emt 0:00:07]} Nc5 {[%emt 0:00:06]} 23. Rac1 {[%emt 0:00:13]} 1/2-1/2

[Event "RUS-chT Blitz Men 2018"]
[Site "Sochi"]
[Date "2018.10.10"]
[Round "9"]
[White "Antipov, Mikhail Al."]
[Black "Morozevich, Alexander"]
[Result "0-1"]
[WhiteElo "2593"]
[BlackElo "2656"]
[Annotator "TA"]
[PlyCount "126"]
[EventDate "2018.10.10"]
[EventType "swiss"]
[EventCountry "RUS"]
[SourceTitle "playchess.com"]
[Source "ChessBase"]
[SourceQuality "1"]

{[%evp 9,126,17,17,0,85,82,141,46,124,134,145,139,146,129,137,109,97,94,118,123,113,132,127,122,179,69,70,70,68,-18,-17,-12,-26,-41,-34,-89,0,-172,-167,-172,-173,-177,-178,-179,-179,-179,-179,-176,-169,-182,-143,-201,-167,-175,-174,-232,-221,-265,-262,-255,-257,-279,-261,-364,-373,-370,-366,-366,-385,-388,-391,-445,-438,-437,-432,-549,-559,-397,-257,-408,-257,-542,-537,-508,-395,-466,-453,-433,-420,-487,-383,-939,-916,-1014,-937,-1108,-1087,-4486,-3504,-3079,-2706,-3308,-3079,-5818,-1984,-2778,-825,-1883,-1834,-1789,0,-1176,0,-1749,-1665,-1653,-1638,-29990,-29991]} 1. e4 d6 2. d4 Nf6 3. Nc3 e5 4. Nf3 Nbd7 5. Rg1 c6 6. g4 {C41: Philidor Defence} d5 $146 (6... Qa5 $11 {remains equal.}) ({Predecessor:} 6... h6 7. Be3 Qc7 8. Be2 b5 9. a3 Bb7 10. h4 g6 11. g5 hxg5 12. hxg5 Nh5 {½-½ (50) Nestorovic,N (2427)-Markus,R (2610) Subotica 2014}) 7. exd5 $16 (7. Nxe5 $6 Nxe4 8. Nxe4 dxe4 $11) 7... exd4 ({Black should try} 7... Bb4) 8. Qe2+ (8. Nxd4 $16 Qe7+ 9. Qe2) 8... Qe7 (8... Be7 $1 $14) 9. Nxd4 Qxe2+ 10. Bxe2 ({Much worse is} 10. Kxe2 $6 Bc5 $11) 10... Bc5 11. dxc6 Bxd4 12. cxd7+ Bxd7 13. Rg3 Rc8 14. g5 Bxc3+ 15. bxc3 Nd5 16. c4 Nb6 {[#]} (16... Ne7 $16) 17. Re3+ (17. Rb1 $1 $18) 17... Be6 $14 18. c5 Rxc5 19. Ba3 ({White should play} 19. Ra3 $14) 19... Rxg5 $11 {Threatening ...Rg1+.} 20. O-O-O Rd5 21. Rg1 g6 22. c4 {[#]} (22. Rg4 $15) 22... Ra5 (22... Rd7 $1 $17) 23. Bb4 $2 (23. Rd1 $11) 23... Rxa2 $19 {White must now prevent ...Ra1+.} 24. Rd1 Ra1+ 25. Kc2 Rxd1 26. Kxd1 Kd7 27. Rd3+ Kc8 28. c5 Nd5 29. Bd2 Rd8 30. Kc1 (30. Bf3 $17 {was worth a try.}) 30... Ne7 31. Ra3 Nc6 32. Bf4 (32. Be3 {might work better.}) 32... Rd4 33. Bd6 Kd7 34. Bb5 {With the idea Rxa7.} a6 35. Bf1 h5 36. h3 Bc4 37. Bg2 Bd5 38. Bf1 Nd8 39. Re3 Ne6 40. Be2 Re4 41. Rxe4 Bxe4 {[%mdl 4096] Endgame KBB-KBN} 42. Bc4 b5 43. Bb3 a5 44. Kb2 (44. Bxe6+ $142 Kxe6 45. Kb2) 44... b4 45. Ba4+ $2 (45. Bxe6+ Kxe6 46. Kb3) 45... Bc6 46. Bd1 Bb5 47. Bf3 Nd4 48. Bd5 f6 49. Bf8 a4 50. Bg7 $2 (50. c6+ Bxc6 51. Bf7) 50... Ke7 51. Bh6 Bc6 52. Bc4 g5 {[%cal Bg6g5,Bg5h4,Bh4h3][%mdl 32]} 53. h4 gxh4 54. Bf4 h3 55. Bd6+ Kd7 56. Bf1 Bg2 57. Bd3 Nf3 58. Bb5+ Ke6 59. Bc4+ Kd7 60. Bb5+ Ke6 61. Bc4+ Kf5 62. c6 Ne5 63. c7 Nxc4+ {Precision: White = 30%, Black = 55%.} 0-1

[Event "RUS-chT Blitz Men 2018"]
[Site "Sochi"]
[Date "2018.10.10"]
[Round "9"]
[White "Timofeev, Artyom"]
[Black "Maletin, Pavel"]
[Result "1-0"]
[WhiteElo "2580"]
[BlackElo "2586"]
[Annotator "TA"]
[PlyCount "83"]
[EventDate "2018.10.10"]
[EventType "swiss"]
[EventCountry "RUS"]
[SourceTitle "playchess.com"]
[Source "ChessBase"]
[SourceQuality "1"]

{[%evp 27,83,-26,-8,-33,-32,-40,-29,-38,-36,-63,-31,-33,-26,-33,0,0,-18,-29,-8,-7,8,1,0,0,93,95,83,83,79,75,80,79,124,-25,10,-38,-17,-49,-32,-36,-39,-40,0,0,0,0,0,-260,0,0,0,-264,29988,29989,29989,29990,29989,29990]} 1. c4 e5 2. d3 Nf6 3. Nf3 Nc6 4. Nc3 d5 5. cxd5 Nxd5 6. e3 Be7 7. Be2 O-O 8. O-O Be6 9. a3 a5 10. Qc2 f5 11. Bd2 {A28: English Opening: Four Knights Variation} (11. Na4 Qd6 12. Rd1 Rad8 13. d4 e4 14. Nd2 Bf7 15. Nc3 Qh6 16. Nxd5 Bxd5 17. Bc4 Kh8 18. Bxd5 Rxd5 {0-1 (55) Van Wely,L (2692)-Karjakin,S (2769) Wijk aan Zee 2012 CBM 147 [Marin,M]}) 11... Nb6 12. b3 Bf6 13. Rab1 Qe7 14. Bc1 g5 {[%cal Bg7g5,Bg5g4][%mdl 32] LiveBook: 4 Games} 15. Bb2 g4 16. Nd2 Rad8 17. Rfe1 Qf7 18. Bf1 Bg7 19. Nb5 $146 Rd7 20. Rbc1 Kh8 21. d4 f4 22. Nc4 {[%cal Rd4e5]} a4 {[#] aiming for ...fxe3.} 23. Nxb6 axb3 (23... cxb6 {is interesting.} 24. bxa4 Bb3 25. Bc4 Bxc2 26. Bxf7 Bxa4 27. Be6 fxe3 28. fxe3 Re7) 24. Nxd7 bxc2 25. Nxf8 Qxf8 (25... fxe3 $11 26. fxe3 (26. Rxc2 Bf5 $11) 26... Bb3) 26. Rxc2 $16 g3 27. hxg3 fxg3 28. fxg3 Qe7 29. Rd2 {d5 is the strong threat.} Bg8 30. dxe5 (30. d5 $16 Na5 31. Bc3) 30... Bxe5 31. Bxe5+ Qxe5 32. g4 Qg3 33. Rf2 Ne5 $36 {[%mdl 2048] Black has the initiative.} 34. Be2 Bd5 {And now ...Bxg2! would win.} 35. Ref1 Qxe3 36. Nxc7 Bc6 37. Kh2 $2 {[%mdl 8192]} (37. Rd1 $11 Nd7 38. g5) 37... Qh6+ $2 (37... Ng6 $19 {Hoping for ...Qe5+.} 38. Kh1 Qe5) 38. Kg1 $11 Qe3 39. Kh2 $2 {[%mdl 8192]} (39. Rd1 $11 {and White is okay.} h6 40. Rd8+ Kh7 41. Nd5 Qc1+ 42. Kh2) 39... Kg8 $4 {[%mdl 8192] [#]} (39... Nd7 $19 40. Kh1 Qe5) 40. Rf8+ {White mates.} Kg7 41. Ne6+ Kh6 42. g5+ {Precision: White = 62%, Black = 27%.} 1-0

[Event "RUS-chT Blitz Men 2018"]
[Site "Sochi"]
[Date "2018.10.10"]
[Round "9"]
[White "Savchenko, Boris"]
[Black "Yuffa, Daniil"]
[Result "1/2-1/2"]
[WhiteElo "2562"]
[BlackElo "2563"]
[Annotator "TA"]
[PlyCount "125"]
[EventDate "2018.10.10"]
[EventType "swiss"]
[EventCountry "RUS"]
[SourceTitle "playchess.com"]
[Source "ChessBase"]
[SourceQuality "1"]

{[%evp 12,125,41,-26,23,-83,-82,-97,-41,-54,-41,-47,-34,-33,-26,-8,30,57,18,-140,-121,-168,-95,-120,-109,-120,-122,-125,-105,-153,-138,-118,-114,-157,-109,-120,-33,-823,0,0,0,11,102,100,117,130,120,122,107,98,113,94,97,96,250,248,252,248,230,230,356,310,335,325,337,327,310,269,269,264,353,333,468,408,547,537,537,495,620,612,654,641,591,591,557,531,527,467,584,572,707,650,598,558,464,321,301,0,564,552,1357,931,4982,4914,29977,29978,29979,29979,29991,29992,29992,29993,29993,29994,29996,29997]} 1. e4 {[%cal Be2e4,Be4e5][%mdl 32]} Nf6 2. e5 Nd5 3. c4 Nb6 4. d4 d6 5. exd6 exd6 6. Nc3 Be7 7. Qf3 (7. Bd3 $14) 7... O-O {B03: Alekhine's Defence: Four Pawns Attack} 8. Bf4 $146 (8. Bd3 $11) ({Predecessor:} 8. Be3 c6 9. O-O-O d5 10. c5 N6d7 11. Bd3 Nf6 12. h3 b6 13. Nge2 Ba6 14. Nf4 Bxd3 15. Nxd3 Nbd7 16. Rhe1 {1-0 (47) Savchenko,B (2581)-Hasangatin,R (2496) Sochi 2017}) 8... Nc6 9. O-O-O a5 {[#]} (9... Bf6 $17 10. Be3 Be6) 10. c5 $1 $15 {[%mdl 512]} Nd7 (10... dxc5 11. dxc5) 11. Bb5 a4 12. Bxa4 Nf6 13. h3 Nb4 14. Bb3 Be6 {aiming for ...Bxb3.} 15. Bxe6 $2 ({Better is} 15. d5 $11 Bf5 16. Nge2) 15... fxe6 $17 16. a3 Nbd5 (16... Nfd5 $1 $19 17. Nge2 Nxf4 18. axb4 Nd5) 17. Nge2 dxc5 18. dxc5 Bxc5 19. Be5 c6 20. Rhe1 Nd7 21. Qg3 {[%csl Ge5][%cal Rg3g7]} Nxe5 22. Qxe5 Kh8 23. f3 Qa5 (23... Bd6 $17 24. Qd4 e5) 24. Ne4 $2 {[%mdl 8192]} (24. Nxd5 $15 cxd5 25. Kb1) 24... Bxa3 $2 (24... Rf5 $1 $19 {[%cal Rf5e5]} 25. Qg3 Bxa3) 25. bxa3 $11 Qxa3+ 26. Qb2 Qe3+ (26... Qa6 $11) 27. Kb1 $16 Ra6 {[#] White must now prevent ...Rb6.} 28. Nd4 $1 Qh6 29. Nc5 Rb6 30. Ndb3 {Threatens to win with Nd7.} Qg6+ 31. Qc2 {And now Qxg6 would win.} Nc3+ 32. Kc1 Qxc2+ $2 (32... Nxd1 $16 33. Qxg6 hxg6 34. Rxd1 (34. Kxd1 Ra8 $11) 34... Ra8) 33. Kxc2 $18 Nxd1 {[#]} 34. Nd7 $1 {[%cal Rd7f8]} (34. Kxd1 Rb5 $11) (34. Rxd1 Ra8 $14) 34... Rxb3 35. Kxb3 Rd8 (35... Rf5 {is a better defense.}) 36. Rxd1 {[%mdl 4096] Endgame KRN-KR} g5 37. Rd3 Kg7 38. Kc4 Ra8 39. Nc5 b5+ 40. Kb4 Kf6 41. Rd6 Kf5 (41... Ra2 {was worth a try.} 42. Rxe6+ Kf7) 42. Rxe6 Ra2 43. g4+ Kf4 44. Rf6+ Kg3 45. Ne4+ Kxh3 46. Nxg5+ Kg3 47. Ne4+ Kg2 48. g5 Ra4+ 49. Kb3 Rd4 50. Kc3 Rc4+ 51. Kd3 Ra4 52. f4 Kf3 53. Nd2+ Kg4 54. Ne4 $2 ({Not} 54. Rxc6 Kxf4 55. Rc5 Ra6 $16) ({White must play} 54. Ke3 $18) 54... Ra3+ $2 {[%mdl 8192]} (54... Kf3 $1 $11 {and Black stays safe.}) 55. Kd4 Rf3 56. Rf7 b4 57. Nf6+ Kg3 58. Rxh7 {White mates.} Rxf4+ 59. Ke5 Rh4 60. Rxh4 Kxh4 61. g6 b3 62. g7 b2 63. g8=Q {[%mdl 32768] Precision: White = 64%, Black = 25%. . An unexpected result.} 1/2-1/2

[Event "RUS-chT Blitz Men 2018"]
[Site "Sochi"]
[Date "2018.10.10"]
[Round "9"]
[White "Bocharov, Dmitry"]
[Black "Kamsky, Gata"]
[Result "1/2-1/2"]
[WhiteElo "2557"]
[BlackElo "2666"]
[Annotator "TA"]
[PlyCount "72"]
[EventDate "2018.10.10"]
[EventType "swiss"]
[EventCountry "RUS"]
[SourceTitle "playchess.com"]
[Source "ChessBase"]
[SourceQuality "1"]

{[%evp 16,72,26,25,9,10,9,4,4,0,0,0,0,-15,-16,-26,0,0,0,-10,9,4,8,8,6,4,22,9,16,10,53,0,0,0,0,0,0,0,0,0,0,0,0,-12,-12,-8,-12,-20,0,0,0,0,0,0,0,0,0,0,375]} 1. d4 d5 2. c4 c6 3. Nf3 Nf6 4. e3 g6 5. Nc3 Bg7 6. Bd3 O-O 7. h3 e6 {D94: Grünfeld: 4 Nf3 Bg7 5 e3} (7... dxc4 8. Bxc4 b5 9. Bd3 a5 10. O-O b4 11. Na4 Ba6 12. b3 Bb5 13. Bb2 Nbd7 14. Rc1 Rc8 15. Nc5 Qb6 16. a4 Bxd3 17. Qxd3 Nxc5 18. Rxc5 {1-0 (45) Karjakin,S (2763)-Artemiev,V (2697) Moscow 2018}) (7... b6 8. O-O Bb7 9. Qe2 e6 10. b3 Nbd7 11. Bb2 Re8 12. Rfd1 Qc7 13. Rac1 Rad8 14. b4 Qb8 15. a4 dxc4 16. Bxc4 {1-0 (103) Bocharov,D (2611)-Kamsky,G (2637) Sochi 2016}) 8. O-O Nbd7 9. b3 {[%cal Bb2b3,Bb3b4,Bb4b5][%mdl 32] LiveBook: 6 Games} Re8 {White has an edge.} 10. Bb2 b6 11. Rc1 Bb7 12. Re1 a6 $146 ({Predecessor:} 12... Rc8 13. e4 dxe4 14. Nxe4 Nxe4 15. Bxe4 {1-0 (41) Martinez,B (1934)-Rodriguez Garcia,E (1957) Santiago de los Caballeros 2017}) 13. Bf1 Rc8 14. b4 dxc4 15. Bxc4 c5 16. dxc5 bxc5 17. b5 Bxf3 18. Qxf3 Ne5 19. Qe2 Nxc4 20. Qxc4 Nd7 {Strongly threatening ...Ne5.} 21. Red1 axb5 $1 22. Qxb5 Rc7 23. Ne4 (23. Ba1 $14) 23... Qb8 $11 {The position is equal.} 24. Qxb8 Rxb8 25. Bxg7 Kxg7 26. Rc2 Ra8 27. Kf1 c4 28. Nd6 Nb6 29. Rb1 Rc6 30. Nb5 Nd5 31. Rbc1 c3 32. e4 Nb4 33. Rxc3 Rxc3 34. Nxc3 Ra3 35. Ke2 Nxa2 36. Nxa2 Ra8 $2 {[%mdl 40960] Precision: White = 67%, Black = 57%. . An unexpected result.} (36... Rxa2+ $11 {and Black has nothing to worry.} 37. Ke3 Kf6) 1/2-1/2

[Event "RUS-chT Blitz Men 2018"]
[Site "Sochi"]
[Date "2018.10.10"]
[Round "9"]
[White "Sychev, Klementy"]
[Black "Potapov, Pavel"]
[Result "1/2-1/2"]
[WhiteElo "2534"]
[BlackElo "2515"]
[Annotator "TA"]
[PlyCount "89"]
[EventDate "2018.10.10"]
[EventType "swiss"]
[EventCountry "RUS"]
[SourceTitle "playchess.com"]
[Source "ChessBase"]
[SourceQuality "1"]

{[%evp 26,89,11,0,31,31,69,70,136,62,93,65,83,29,68,67,115,71,76,61,115,58,70,55,105,114,112,72,112,79,79,64,62,54,77,79,86,26,34,25,29,25,39,25,44,10,7,5,7,0,0,0,10,14,11,0,0,0,0,0,0,-7,-8,-8,-8,-8]} 1. e4 c5 2. Nf3 Nc6 3. d4 cxd4 4. Nxd4 e5 5. Nb5 d6 6. a4 Be7 7. N1c3 a6 8. Na3 Be6 9. Bc4 Nf6 10. Bg5 O-O 11. Bxf6 Bxf6 12. O-O Rc8 13. Nd5 Bg5 14. Qd3 {LiveBook: 5 Games. B33: Sicilian: Pelikan and Sveshnikov Variations} (14. c3 Kh8 15. Qe2 Ne7 16. Rfd1 Ng6 17. g3 Qe8 18. h4 Bd8 19. Ne3 Bb6 20. h5 Bxe3 21. fxe3 Qxa4 22. b3 Bxc4 23. Nxc4 Qxb3 24. Nxd6 Rxc3 25. hxg6 Rxe3 26. Nxf7+ {½-½ (36) Zhigalko,A (2545)-Solak,D (2630) Plovdiv 2008}) 14... Bh6 $146 ({Predecessor:} 14... Kh8 15. c3 f5 16. Ne3 fxe4 17. Qxe4 Rf4 18. Qd3 Rxc4 19. Naxc4 d5 20. Nd2 Qg8 21. Rfe1 Rf8 {1-0 (65) Nyzhnyk,I (2397)-Kochetkov,G (2386) Kiev 2008}) 15. c3 Qh4 16. Rad1 {White is slightly better.} Kh8 {[#]} (16... Bg4 $14) 17. Ne3 (17. Nb6 $1 $16 Rcd8 18. Bxe6 fxe6 19. Nac4) 17... Rcd8 18. Rfe1 Ne7 19. Nac2 ({White should try} 19. Bxe6 $16 fxe6 20. g3) 19... Ng6 20. g3 Qh3 21. Qf1 Qxf1+ 22. Kxf1 Ne7 (22... Bh3+ $14 23. Kg1 Ne7) 23. Rd3 (23. Bxe6 $16 fxe6 24. Nc4) 23... Bh3+ 24. Kg1 f5 {[#]} 25. exf5 $1 Nxf5 26. Bd5 b6 27. Bg2 (27. Nc4 {seems wilder.} b5 28. axb5 axb5 29. Na5 Ne7 30. Bg2) 27... Nxe3 28. Nxe3 Bxe3 29. Rexe3 Bxg2 30. Kxg2 $16 {[%mdl 4096] Endgame KRR-KRR} Kg8 31. Re2 (31. Re4 $16) 31... Kf7 $11 32. Re4 Ke6 33. f4 Rfe8 34. Kf2 g6 35. Rb4 Rb8 {The position is equal.} 36. fxe5 dxe5 37. Ke2 Rec8 38. Rh4 Rc7 39. Kd2 h5 40. Rb4 b5 41. axb5 Rxb5 42. Rxb5 axb5 43. Ke3 Ra7 44. Rd8 Ra2 45. Rd2 {Precision: White = 35%, Black = 45%.} 1/2-1/2

[Event "RUS-chT Blitz Men 2018"]
[Site "Sochi"]
[Date "2018.10.10"]
[Round "9"]
[White "Khanin, Semen"]
[Black "Sharafiev, Azat"]
[Result "1-0"]
[WhiteElo "2510"]
[BlackElo "2432"]
[Annotator "TA"]
[PlyCount "75"]
[EventDate "2018.10.10"]
[EventType "swiss"]
[EventCountry "RUS"]
[SourceTitle "playchess.com"]
[Source "ChessBase"]
[SourceQuality "1"]

{[%evp 16,75,-9,-9,-10,-3,-6,0,0,0,-11,0,-5,-24,-20,-20,32,25,28,29,55,53,52,57,61,43,105,100,92,71,159,158,158,154,200,220,222,222,230,216,227,227,207,185,172,166,190,184,179,175,175,161,166,141,861,854,29967,29969,29994,29995,29996,29997]} 1. e4 Nc6 2. Nf3 d6 3. d4 Nf6 4. Nc3 g6 5. Be2 Bg7 6. O-O O-O 7. h3 e5 8. Be3 exd4 9. Nxd4 Re8 {B08: Pirc Defence: Classical System} 10. Qd3 $146 ({Predecessor:} 10. Bd3 Nb4 11. a3 Nxd3 12. cxd3 d5 13. Nf3 dxe4 14. dxe4 Qxd1 15. Rfxd1 c6 16. Rac1 Nd7 17. Nd4 {0-1 (42) Hou,Y (2658)-Nakamura,H (2777) chess.com INT 2018}) 10... Qe7 {[%cal Rf6e4]} 11. Nxc6 bxc6 {The position is equal.} 12. Bf3 Nd7 13. Qd2 Ba6 14. Rfe1 Ne5 15. Be2 Nc4 (15... Bxe2 $11 16. Qxe2 Qe6) 16. Bxc4 $14 Bxc4 17. Bd4 c5 18. Bxg7 Kxg7 19. b3 Be6 20. f4 {[%cal Bf2f4,Bf4f5,Bf5f6][%mdl 32] f5! is the strong threat.} Rad8 {[#]} ({Black should play} 20... f6 $14) 21. f5 $1 $36 {[%cal Rf5e6][%mdl 2560] Keeping Black busy.} Bc8 (21... gxf5 22. exf5) 22. Nd5 Qe5 (22... Qh4 $142) 23. f6+ Kh8 24. Nxc7 Rg8 25. Nd5 Bb7 26. Ne7 Rge8 27. Rf1 Qxe4 28. Rae1 Qh4 29. Rf4 Qg5 {intending ...Bxg2.} 30. Qf2 h5 ({Don't go for} 30... Bxg2 $2 31. Rg4 $18) 31. h4 Qh6 32. Qg3 Kh7 33. Rf2 Rd7 34. Rfe2 Ba6 $2 {[%mdl 8192] [#]} (34... Red8 $16 35. Qf2 a5) 35. Nf5 $1 $18 {[%mdl 512]} Rxe2 (35... gxf5 36. Rxe8) 36. Nxh6 {White mates.} Rxe1+ 37. Qxe1 Rd8 38. Qe7 {Precision: White = 88%, Black = 36%.} 1-0